header

Rhetorics of bodily disease and health in medieval and early modern England (Record no. 143695)

MARC details
000 -LEADER
fixed length control field 01640nam a2200397Ia 4500
082 04 - DEWEY DECIMAL CLASSIFICATION NUMBER
Classification number 820.9/3561
100 1# - MAIN ENTRY--AUTHOR NAME
Personal name Vaught, Jennifer C.
245 10 - TITLE STATEMENT
Title Rhetorics of bodily disease and health in medieval and early modern England
260 ## - PUBLICATION, DISTRIBUTION, ETC. (IMPRINT)
Place of publication Farnham, Surrey ;
-- Burlington, VT :
Name of publisher Ashgate,
Year of publication c2010.
300 ## - PHYSICAL DESCRIPTION
Number of Pages xiii, 243 p. :
Other physical details ill.
490 1# - SERIES STATEMENT
Series statement Literary and scientific cultures of early modernity
650 #0 - SUBJECT ADDED ENTRY--TOPICAL TERM
Topical Term English literature
Topical Term Human body in literature.
Topical Term Health in literature.
Topical Term Rhetoric
Topical Term English literature
Topical Term Language and languages
Topical Term Medicine in literature.
856 40 - ELECTRONIC LOCATION AND ACCESS
Uniform Resource Identifier http://site.ebrary.com/lib/rucke/Doc?id=10428174

No items available.

© 2026 Rongo University
Contact us: librarian | system librarian | Rongo university